| 000 | 00405nam a22001457a 4500 | ||
|---|---|---|---|
| 082 |
_a370.15 _bSOR _cL-31, P-10 |
||
| 100 |
_aSorenson, Herbert _938253 |
||
| 245 | _aPsychology in education/ | ||
| 250 | _a2nd ed. | ||
| 260 |
_aNew york: _bMcgraw Hill book company, inc. , _cc1948 |
||
| 300 |
_aviii, 529 p, : _c16cm |
||
| 526 |
_a0 _b0 _c0 _d370_150000000000000_SOR |
||
| 650 |
_aMCE _9379 |
||
| 942 |
_2ddc _cBK |
||
| 999 |
_c542895 _d542895 |
||